Normal view MARC view
  • Urdu Literature

Entry Topical Term

Number of records used in: 1

001 - CONTROL NUMBER

  • control field: 110427

003 - CONTROL NUMBER IDENTIFIER

  • control field: NUST

005 - DATE AND TIME OF LATEST TRANSACTION

  • control field: 20230316124359.0

008 - FIXED-LENGTH DATA ELEMENTS

  • fixed length control field: 230316|| aca||aabn | a|a d

040 ## - CATALOGING SOURCE

  • Original cataloging agency: NUST
  • Transcribing agency: NUST

150 ## - HEADING--TOPICAL TERM

  • Topical term or geographic name entry element: Urdu Literature
  • General subdivision: Satire

670 ## - SOURCE DATA FOUND

  • Source citation: Work cat.: (NUST): Rehman, Shafiq Ur 34705, Lehrain / لہریں (Urdu) / , 2014
© 2023 Central Library, National University of Sciences and Technology. All Rights Reserved.